000 00724nam a2200193Ia 4500
003 GCL
008 140319s9999 xx 000 0 ara d
040 _aGCL /
_cGCL
082 0 4 _a347.05
_bا ر
100 1 _aاحمد مليجى
245 1 0 _aركود الحصومة المدنية: بسبب الشطب او الموقف او الانقطاع وفقا للقانون المرافعات واراء الفقة واحكام المحاكم /
_cاحمد مليجى
260 _a[S.N] :
_bدار النهضة العربية ،
_c1991
300 _a151 ص
490 _a
650 0 4 _aالقانون
650 0 4 _aقانون المرافعات
650 0 4 _aقانون الاجراءات المدنية
942 _2ddc
_cBK
999 _c29393
_d29393